| 000 -LEADER |
| fixed length control field |
01030cam a22003015a 4500 |
| 001 - CONTROL NUMBER |
| control field |
14717641 |
| 005 - DATE AND TIME OF LATEST TRANSACTION |
| control field |
20180307032602.0 |
| 008 - FIXED-LENGTH DATA ELEMENTS--GENERAL INFORMATION |
| fixed length control field |
070130s2007 ohu 000 0 eng |
| 020 ## - INTERNATIONAL STANDARD BOOK NUMBER |
| International Standard Book Number |
9780324540529 (student ed.) |
| 020 ## - INTERNATIONAL STANDARD BOOK NUMBER |
| International Standard Book Number |
0324540523 (student ed.) |
| 020 ## - INTERNATIONAL STANDARD BOOK NUMBER |
| International Standard Book Number |
9780324359299 (student ed. with CD) |
| 020 ## - INTERNATIONAL STANDARD BOOK NUMBER |
| International Standard Book Number |
0324359292 (student ed. with CD) |
| 020 ## - INTERNATIONAL STANDARD BOOK NUMBER |
| International Standard Book Number |
9780324540512 (instructor's ed.) |
| 020 ## - INTERNATIONAL STANDARD BOOK NUMBER |
| International Standard Book Number |
0324540515 (instructor's ed.) |
| 020 ## - INTERNATIONAL STANDARD BOOK NUMBER |
| International Standard Book Number |
9780324641868 (instructor's ed. with CD) |
| 020 ## - INTERNATIONAL STANDARD BOOK NUMBER |
| International Standard Book Number |
0324641869 (instructor's ed. with CD) |
| 040 ## - CATALOGING SOURCE |
| Original cataloging agency |
DLC |
| Transcribing agency |
DLC |
| 041 ## - LANGUAGE CODE |
| Language code of text/sound track or separate title |
eng |
| 080 ## - UNIVERSAL DECIMAL CLASSIFICATION NUMBER |
| Universal Decimal Classification number |
658 l ou |
| 100 1# - Rafti |
| Rafti |
60 |
| 101 ## - Shkurtesa |
| Shkurtesa |
bus |
| 245 10 - TITLE STATEMENT |
| Title |
Contemporary marketing / |
| Statement of responsibility, etc |
Louis E. Boone, David L. Kurtz. |
| 263 ## - PROJECTED PUBLICATION DATE |
| Projected publication date |
0701 |
| 906 ## - LOCAL DATA ELEMENT F, LDF (RLIN) |
| a |
0 |
| b |
ibc |
| c |
orignew |
| d |
3 |
| e |
epcn |
| f |
20 |
| g |
y-gencatlg |
| 942 ## - ADDED ENTRY ELEMENTS (KOHA) |
| Source of classification or shelving scheme |
|
| Item type |
Books |